000 00432nam a2200181Ia 4500
001 11201
005 20260306161928.0
008 260306t2005||||xx |||||||||||||| ||spa||
041 _aESP
082 _a985.019
_bB96
100 _aBusto Duthurburu, José Antonio del
_eAUT
245 0 _aLos hijos del sol
260 _c2005
300 _a200 páginas :
_c17 cm.
650 _aGEN
654 _aCHU
942 _cLIB
_dJUS
_fJUS
_2ddc
_n
999 _c11201
_d11201